80s Rock Lyrics - Statistics

General Stats
  • This quiz has been taken 161 times
  • The average score is 6 of 10
Answer Stats
Hint Answer % Correct
"Rising up, back on the streets." Eye of the Tiger - Survivor
80%
"She's got a smile, that it seems to me." Sweet Child O' Mine - Guns N' Roses
80%
"She was a fast machine, she kept her motor clean." You Shook Me All Night Long - ACDC
62%
"I get up, and nothing gets me down." Jump - Van Halen
61%
"I can't remember anything. Can't tell if this is true or a dream." One - Metallica
61%
"Step inside, walk this way, you and me babe, hey hey!" Pour Some Sugar on Me - Def Leppard
57%
"Well you're the real tough cookie with a long history." Hit Me With Your Best Shot - Pat Benatar
50%
"Steve walks warily down the street." Another One Bites the Dust - Queen
47%
"I saw him dancing there by the record machine." I Love Rock N' Roll - Joan Jett
47%
"When I get high, get high on speed." Kickstart My Heart - Motley Crue
46%
No matching quizzes found
Score Distribution
Percent of People with Each Score
Percentile by Number Answered
Your Score History
You have not taken this quiz